Adiminstering marine spaces international issues (Record no. 106185)

MARC details
000 -LEADER
fixed length control field 00298cam a2200121 4500
001 - CONTROL NUMBER
control field L135750
008 - FIXED-LENGTH DATA ELEMENTS--GENERAL INFORMATION
fixed length control field 061208n2006 000 0 eng u
020 ## - INTERNATIONAL STANDARD BOOK NUMBER
International Standard Book Number 8790907558
035 ## - SYSTEM CONTROL NUMBER
System control number (Sirsi) u135750
245 ## - TITLE STATEMENT
Title Adiminstering marine spaces international issues
260 ## - PUBLICATION, DISTRIBUTION, ETC.
Place of publication, distribution, etc. FIG
Date of publication, distribution, etc. 2006
942 ## - ADDED ENTRY ELEMENTS (KOHA)
Suppress in OPAC 0

No items available.